Countries Decoder By Various Indicators - Statistics

General Stats
  • This quiz has been taken 1,707 times
  • The average score is 17 of 20
Answer Stats
Continent Capital Language Area Population Currency Country % Correct
South America Brasília Portuguese 8,515,767 km2 210,147,125 Real Brazil B
96%
Asia New Delhi Hindi, English 3,287,263 km2 1,352,642,280 Rupee India I
96%
Europe Moscow Russian 17,098,246 km2 143,759,445 Ruble Russia R
96%
Asia Tehran Persian 1,648,195 km2 83,183,741 Rial Iran I
94%
Asia Jerusalem Hebrew 20,770 km2 9,450,620 New shekel Israel I
94%
North America San Salvador Spanish 21,041 km2 6,830,000 Dollar, Bitcoin El Salvador E
93%
South America Buenos Aires Spanish 2,780,400 km2 45,605,826 Peso Argentina A
91%
Africa Pretoria etc. English etc. 1,221,037 km2 60,142,978 Rand South Africa S
91%
Europe Vatican City Italian 0.49 km2 453 Euro Vatican City V
91%
Europe Dublin Irish, English 70,273 km2 5,011,500 Euro Ireland I
90%
Europe Vaduz German 160 km2 38,896 Franc Liechtenstein L
90%
Oceania Wellington Māori etc. 268,021 km2 5,134,760 Dollar New Zealand N
90%
Asia Tbilisi Georgian 69,700 km2 3,728,573 Lari Georgia G
88%
South America Quito Spanish 283,561 km2 17,715,822 Dollar Ecuador E
85%
Africa Tripoli Arabic 1,759,541 km2 6,992,701 Dinar Libya L
84%
Oceania Yaren English 21 km2 10,670 Dollar Nauru N
83%
Asia Muscat Arabic 309,500 km2 4,829,473 Rial Oman O
82%
Africa Monrovia English 111,369 km2 5,214,030 Dollar Liberia L
78%
North America Bridgetown English 439 km2 287,025 Dollar Barbados B
77%
Africa Libreville French 267,667 km2 2,119,275 Franc Gabon :)
59%
No matching quizzes found
Score Distribution
Percent of People with Each Score
Percentile by Number Answered
Your Score History
You have not taken this quiz